K možnostem rozvoje soukromého zdravotního pojištění v České republice
Myšlienka viaczdrojového financovania českej zdravotnej starostlivosti. Podiel verejných výdavkov na financovaní zdravotníctva v Českej republike v porovnaní s inými krajinami OECD. Využívanie súkromného zdravotného poistenia v krajinách OECD. Základné formy realizácie súkromného zdravotného poisten...
Salvato in:
| Natura: | Capitolo di libro |
|---|---|
| Lingua: | ceco |
| Soggetti: | |
| Tags: |
Nessun Tag, puoi essere il primo ad aggiungerne!!
|
MARC
| LEADER | 00000naa$a2200000$$$4500 | ||
|---|---|---|---|
| 001 | 0041570 | ||
| 005 | 20230927102719.1 | ||
| 041 | 0 | |a cze | |
| 044 | |a CZ | ||
| 245 | 1 | 0 | |a K možnostem rozvoje soukromého zdravotního pojištění v České republice |
| 520 | |a Myšlienka viaczdrojového financovania českej zdravotnej starostlivosti. Podiel verejných výdavkov na financovaní zdravotníctva v Českej republike v porovnaní s inými krajinami OECD. Využívanie súkromného zdravotného poistenia v krajinách OECD. Základné formy realizácie súkromného zdravotného poistenia: plné poistenie, doplnkové a dodatočné poistenie. Pripravenosť členských poisťovní Českej asociácie poisťovní na vstup do systému. | ||
| 610 | 2 | 0 | |a poisťovníctvo |
| 610 | 2 | 0 | |a poistenie zdravotné |
| 610 | 2 | 0 | |a poistenie doplnkové |
| 610 | 2 | 0 | |a poistenie súkromné |
| 610 | 2 | 0 | |a poisťovne |
| 610 | 2 | 0 | |a poistníci |
| 610 | 2 | 0 | |a financovanie |
| 610 | 2 | 0 | |a financie verejné |
| 610 | 2 | 0 | |a zdravotníctvo |
| 610 | 2 | 0 | |a Česko |